00217nam a2200097Ia 4500008004100000100001300041245002200054250000800076260002700084300000800111191201s2013 xx 000 0 und d aGARG,M K 0aApplied Mechanics aRep c2013bnorthaNEW DELHI a352